Advanced Database Machine Architecture
Salvato in:
| Altri autori: | |
|---|---|
| Natura: | Libro |
| Lingua: | inglese |
| Pubblicazione: |
New Yersey :
Prentice-Hall International,
1983
|
| Tags: |
Nessun Tag, puoi essere il primo ad aggiungerne!!
|
MARC
| LEADER | 00000nam a22000003a 4500 | ||
|---|---|---|---|
| 001 | stu264641 | ||
| 005 | 20150617230221.2 | ||
| 008 | 130320s--------xxu-----------------eng-d | ||
| 020 | |a 0-13-011262-3 | ||
| 040 | |a STU |b slo | ||
| 041 | 0 | |a eng | |
| 044 | |a xxu | ||
| 100 | 1 | |a Hsiao, D.K. |4 edt | |
| 245 | 1 | |a Advanced Database Machine Architecture | |
| 260 | |a New Yersey : |b Prentice-Hall International, |c 1983 | ||
| 300 | |a 394 s | ||
| 996 | |c I*10DS3037 |l II680 |s A |a 24 |w stu264641_0001 | ||